000 00650nam a2200241 i 4500
001 C2-0300344
003 PPAK
005 20180728081855.0
008 091104s2006 my |||| ||||| | may d
020 _a983192018X
040 _aPPAK
_beng
_cPPAK
_erda
082 0 4 _a297.124
_223
090 0 0 _a297.124
_bHAD
_dG
245 0 0 _aHadis 40 Imam Nawawi
264 1 _aBatu Caves, Selangor :
_bPTS Islamika ,
_c2006
300 _a63 pages ;
_c13 cm
336 _2rdacontent
_atext
337 _2rdamedia
_aunmediated
338 _2rdacarrier
_avolume
650 1 0 _aHadith.
700 0 _aAinon Mohd ; Arieff Salleh Rosman,
_ecompile
942 _ddc
_cB
999 _c104237
_d104237